[Event "Aeroflot Open 2007"]
[Site "Moscú RUS"]
[Date "2007.02.22"]
[Round "9.18"]
[White "Luther, Thomas"]
[Black "Sasikiran, Krishnan"]
[Result "0-1"]
[WhiteElo "2580"]
[BlackElo "2700"]
[PlyCount "106"]
[EventDate "2007.02.14"]
[EventType "swiss"]
[EventRounds "9"]
[EventCountry "RUS"]
[Source "lmi"]
[SourceDate "2007.02.13"]

1. e4 c5 2. Nf3 d6 3. d4 cxd4 4. Nxd4 Nf6 5. Nc3 a6 6. Bg5 e6 7. f4 Nbd7 8. Qf3
Qc7 9. O-O-O b5 10. Bd3 Bb7 11. Rhe1 Qb6 12. Nd5 Qxd4 13. Bxf6 gxf6 14. Bxb5
Qc5 15. Nxf6+ Kd8 16. Nxd7 Qxb5 17. Nxf8 Rxf8 18. Qa3 Ke8 19. Qxd6 Qc6 20. Qd2
Qc7 21. g3 f6 22. e5 f5 23. Qd6 Qxd6 24. Rxd6 Ke7 25. Red1 Bd5 26. b3 Rfc8 27.
Kb2 a5 28. Rb6 Rcb8 29. Rxb8 Rxb8 30. Rd4 h5 31. c4 Be4 32. Rd6 h4 33. Ra6 Rd8
34. gxh4 Rd2+ 35. Ka3 Rf2 36. Rxa5 Rxf4 37. Ra7+ Kf8 38. Ra6 Kf7 39. Ra7+ Kg6
40. Re7 Rxh4 41. Rxe6+ Kg5 42. Rf6 f4 43. c5 f3 44. c6 Bf5 45. Rf8 Rh7 46. Rd8
Rc7 47. Rd4 Rxc6 48. b4 Bh3 49. Rd2 Ra6+ 50. Kb3 Re6 51. a4 Rxe5 52. b5 Re2 53.
Kc3 Rxd2 0-1

[Event "Aeroflot Open 2007"]
[Site "Moscú RUS"]
[Date "2007.02.22"]
[Round "9.20"]
[White "Volokitin, Andrei"]
[Black "Yakovich, Yuri"]
[Result "1-0"]
[WhiteElo "2645"]
[BlackElo "2577"]
[PlyCount "75"]
[EventDate "2007.02.14"]
[EventType "swiss"]
[EventRounds "9"]
[EventCountry "RUS"]
[Source "lmi"]
[SourceDate "2007.02.13"]

1. e4 c5 2. Nf3 Nc6 3. d4 cxd4 4. Nxd4 Nf6 5. Nc3 e5 6. Ndb5 d6 7. Bg5 a6 8.
Na3 b5 9. Bxf6 gxf6 10. Nd5 f5 11. Bd3 Be6 12. O-O Bg7 13. Qh5 f4 14. c4 bxc4
15. Bxc4 O-O 16. Rac1 Rb8 17. Nxf4 Bxc4 18. Rxc4 Ne7 19. Nd3 f5 20. Rd1 fxe4
21. Rxe4 Ng6 22. Nc4 Qc7 23. Rc1 Qf7 24. Re3 Rbc8 25. Rh3 Bf6 26. Nxd6 Rxc1+
27. Nxc1 Qc7 28. Qd1 Rd8 29. Rd3 Nf4 30. Rd2 Qc6 31. f3 Bg5 32. Qb3+ Kg7 33.
Qf7+ Kh8 34. Nb3 Ng6 35. Qe6 Qb6+ 36. Kf1 Rxd6 37. Qxd6 Qb5+ 38. Qd3 1-0

[Event "Aeroflot Open 2007"]
[Site "Moscú RUS"]
[Date "2007.02.22"]
[Round "9.22"]
[White "Najer, Evgeniy"]
[Black "Iordachescu, Viorel"]
[Result "1/2-1/2"]
[WhiteElo "2605"]
[BlackElo "2563"]
[PlyCount "82"]
[EventDate "2007.02.14"]
[EventType "swiss"]
[EventRounds "9"]
[EventCountry "RUS"]
[Source "lmi"]
[SourceDate "2007.02.13"]

1. e4 c6 2. d4 d5 3. e5 Bf5 4. Be3 e6 5. Nd2 Nd7 6. g4 Bg6 7. Ne2 Ne7 8. Ng3 c5
9. dxc5 Nxe5 10. Bb5+ N5c6 11. c3 a6 12. Be2 f6 13. f4 d4 14. cxd4 Nd5 15. Nc4
Nxe3 16. Nxe3 Qxd4 17. Qxd4 Nxd4 18. Rc1 Rc8 19. b4 a5 20. a3 axb4 21. axb4 b6
22. f5 Bf7 23. Ne4 bxc5 24. bxc5 h5 25. Nc4 hxg4 26. Ncd6+ Bxd6 27. Nxd6+ Ke7
28. Nxc8+ Rxc8 29. fxe6 Bxe6 30. Kf2 Nb3 31. Rc3 Rxc5 32. Rxc5 Nxc5 33. Rg1 f5
34. h3 Ne4+ 35. Ke3 gxh3 36. Rxg7+ Kf6 37. Rh7 Ke5 38. Rh5 Ng3 39. Rh8 f4+ 40.
Kf2 Ne4+ 41. Kg1 Ng3 1/2-1/2

[Event "Aeroflot Open 2007"]
[Site "Moscú RUS"]
[Date "2007.02.22"]
[Round "9.24"]
[White "Popov, Valerij"]
[Black "Nguyen, Ngoc Truongson"]
[Result "0-1"]
[WhiteElo "2590"]
[BlackElo "2528"]
[PlyCount "67"]
[EventDate "2007.02.14"]
[EventType "swiss"]
[EventRounds "9"]
[EventCountry "RUS"]
[Source "lmi"]
[SourceDate "2007.02.13"]

1. Nf3 Nf6 2. c4 e6 3. Nc3 Bb4 4. Qc2 b6 5. a3 Bxc3 6. Qxc3 Bb7 7. e3 O-O 8. b3
c5 9. Bb2 d6 10. Be2 Nbd7 11. O-O Qe7 12. d4 Ne4 13. Qc2 f5 14. Rad1 a5 15. Ne1
d5 16. cxd5 Bxd5 17. Bc4 a4 18. Bxd5 exd5 19. dxc5 bxc5 20. Rxd5 Qf7 21. Qd1
Nb6 22. Rd3 axb3 23. Qxb3 c4 24. Qxb6 cxd3 25. Nxd3 Rfb8 26. Qc6 Rc8 27. Qb5
Rab8 28. Qa6 Qc4 29. Qa7 Nc3 30. Bxc3 Qxc3 31. Nf4 Rb1 32. g3 Rxf1+ 33. Kxf1
Qc6 34. Nd3 0-1

[Event "Aeroflot Open 2007"]
[Site "Moscú RUS"]
[Date "2007.02.22"]
[Round "9.27"]
[White "Li, Chao(b)"]
[Black "Kurnosov, Igor"]
[Result "1/2-1/2"]
[WhiteElo "2504"]
[BlackElo "2580"]
[PlyCount "96"]
[EventDate "2007.02.14"]
[EventType "swiss"]
[EventRounds "9"]
[EventCountry "RUS"]
[Source "lmi"]
[SourceDate "2007.02.13"]

1. e4 e5 2. Nf3 Nc6 3. Bc4 Bc5 4. c3 Nf6 5. d3 O-O 6. O-O d6 7. Bb3 a6 8. Re1
Ba7 9. Bg5 Ne7 10. Nbd2 Ng6 11. Nh4 Kh8 12. Nf1 h6 13. Nxg6+ fxg6 14. Be3 Nh5
15. d4 Nf4 16. Qd2 Qg5 17. f3 Qf6 18. Rad1 g5 19. dxe5 dxe5 20. Bxa7 Rxa7 21.
Ne3 Ra8 22. Nd5 Nxd5 23. exd5 g4 24. Re3 Qg5 25. Bc2 Bd7 26. fxg4 Bxg4 27. Rg3
Qf4 28. Qxf4 Rxf4 29. Re1 Bf5 30. Bxf5 Rxf5 31. Rge3 Re8 32. Re4 h5 33. h3 Kg8
34. g4 hxg4 35. hxg4 Rf3 36. Rxe5 Rxe5 37. Rxe5 Kf8 38. g5 Rd3 39. Rf5+ Ke7 40.
c4 Kd6 41. Kf1 b5 42. b3 bxc4 43. bxc4 Rd4 44. Rf7 Rxc4 45. Rxg7 Kxd5 46. g6
Ke6 47. Ke2 Kf6 48. Kd3 Ra4 1/2-1/2

[Event "Aeroflot Open 2007"]
[Site "Moscú RUS"]
[Date "2007.02.22"]
[Round "9.34"]
[White "Shomoev, Anton"]
[Black "Sedlak, Nikola"]
[Result "1-0"]
[WhiteElo "2556"]
[BlackElo "2561"]
[PlyCount "147"]
[EventDate "2007.02.14"]
[EventType "swiss"]
[EventRounds "9"]
[EventCountry "RUS"]
[Source "lmi"]
[SourceDate "2007.02.13"]

1. e4 c5 2. Nf3 d6 3. d4 cxd4 4. Nxd4 Nf6 5. Nc3 Bd7 6. Bg5 e6 7. f4 a6 8. f5
e5 9. Nf3 Bc6 10. Bxf6 gxf6 11. Bc4 Nd7 12. Qe2 Bh6 13. Rd1 Qb6 14. Bb3 O-O-O
15. Nd2 Bxd2+ 16. Kxd2 Nc5 17. Kc1 Rd7 18. Rd2 Rhd8 19. Rhd1 Kb8 20. Kb1 Nxb3
21. axb3 Qb4 22. g3 Rc7 23. Qe3 h5 24. Rd3 Rcd7 25. R1d2 Rg8 26. Qe2 Rh8 27.
Re3 Qc5 28. Qf3 Qb4 29. Qf1 Qc5 30. Red3 Qb4 31. Qh3 Qc5 32. Qh4 Rh6 33. Rd1
Rd8 34. h3 Qf2 35. Rxd6 Rxd6 36. Rxd6 Ka7 37. Rxf6 Rxf6 38. Qxf6 Bxe4 39. Qxe5
Bxc2+ 40. Ka2 Bxf5 41. h4 Be6 42. Na4 Qf5 43. Qd4+ Kb8 44. Qd8+ Ka7 45. Qb6+
Ka8 46. Qd8+ Ka7 47. Qd4+ Kb8 48. Nc5 Kc7 49. Qc3 Kb8 50. Qb4 Qd5 51. Nxa6+ Kc8
52. Nc5 Kd8 53. Qxb7 Ke8 54. Na4 Kf8 55. Qb8+ Kg7 56. Qb4 Bf5 57. Qc5 Kg6 58.
Qf8 Qd3 59. Ka3 Qb1 60. Kb4 Qe1+ 61. Nc3 Bg4 62. Qg8+ Kf6 63. Qg5+ Ke6 64. Qd5+
Kf6 65. Qd4+ Ke6 66. Qe4+ Qxe4+ 67. Nxe4 f5 68. Nf2 f4 69. gxf4 Kf5 70. Nd3 Be2
71. Kc3 Kg4 72. Kd2 Bxd3 73. Kxd3 Kxh4 74. Ke4 1-0

[Event "Aeroflot Open 2007"]
[Site "Moscú RUS"]
[Date "2007.02.22"]
[Round "9.38"]
[White "Halkias, Stelios"]
[Black "Gareev, Timur"]
[Result "1-0"]
[WhiteElo "2583"]
[BlackElo "2551"]
[PlyCount "65"]
[EventDate "2007.02.14"]
[EventType "swiss"]
[EventRounds "9"]
[EventCountry "RUS"]
[Source "lmi"]
[SourceDate "2007.02.13"]

1. d4 c5 2. d5 g6 3. e4 d6 4. Nf3 Nf6 5. Nc3 Bg7 6. Be2 O-O 7. O-O e6 8. Bg5 h6
9. Bh4 g5 10. Bg3 exd5 11. exd5 Nh5 12. Nd2 Nxg3 13. fxg3 Nd7 14. Bd3 Ne5 15.
Bf5 c4 16. Kh1 Bxf5 17. Rxf5 Qb6 18. Nde4 Qxb2 19. Rb1 Qa3 20. Nb5 Qxa2 21. Ra1
Qb2 22. Rb1 Qa2 23. h3 Rad8 24. Ra1 Qb2 25. Rb1 Qa2 26. Nf6+ Bxf6 27. Rxf6 Ng6
28. Nxd6 Qa3 29. Nf5 Qc3 30. Nxh6+ Kg7 31. Ng4 Rd7 32. Rf3 Qa5 33. Qd4+ 1-0

[Event "Aeroflot Open 2007"]
[Site "Moscú RUS"]
[Date "2007.02.22"]
[Round "9.39"]
[White "Anastasian, Ashot"]
[Black "Lahno, Kateryna"]
[Result "1/2-1/2"]
[WhiteElo "2587"]
[BlackElo "2456"]
[PlyCount "55"]
[EventDate "2007.02.14"]
[EventType "swiss"]
[EventRounds "9"]
[EventCountry "RUS"]
[Source "lmi"]
[SourceDate "2007.02.13"]

1. c4 Nf6 2. Nf3 e6 3. g3 d5 4. Bg2 dxc4 5. Qa4+ c6 6. Qxc4 b5 7. Qc2 Bb7 8.
O-O Nbd7 9. Nc3 a6 10. a4 Qb6 11. d4 Rc8 12. Bg5 c5 13. Bxf6 Nxf6 14. axb5 axb5
15. Qb3 cxd4 16. Qxb5+ Qxb5 17. Nxb5 Bxf3 18. Bxf3 Bc5 19. b4 Bxb4 20. Na7 O-O
21. Rfb1 Rb8 22. Nc6 Bc3 23. Rxb8 Rxb8 24. Rd1 Re8 25. Nxd4 Rd8 26. e3 Bxd4 27.
Rxd4 Rxd4 28. exd4 1/2-1/2

[Event "Aeroflot Open 2007"]
[Site "Moscú RUS"]
[Date "2007.02.22"]
[Round "9.40"]
[White "Hou, Yifan"]
[Black "Kotronias, Vasilios"]
[Result "1-0"]
[WhiteElo "2509"]
[BlackElo "2572"]
[PlyCount "75"]
[EventDate "2007.02.14"]
[EventType "swiss"]
[EventRounds "9"]
[EventCountry "RUS"]
[Source "lmi"]
[SourceDate "2007.02.13"]

1. e4 c5 2. Nf3 Nc6 3. d4 cxd4 4. Nxd4 Nf6 5. Nc3 d6 6. Bc4 Qb6 7. Nxc6 bxc6 8.
O-O g6 9. Qe1 Ng4 10. h3 Ne5 11. Na4 Qb7 12. Qc3 Rg8 13. Bb3 g5 14. f4 gxf4 15.
Bxf4 Bg7 16. Bxe5 Bxe5 17. Bxf7+ Kf8 18. Bxg8+ Kxg8 19. Qc4+ e6 20. Qe2 Qg7 21.
Rf3 Bd7 22. Raf1 c5 23. Nc3 Kh8 24. Kh1 Bc6 25. Qf2 Rg8 26. Rf7 Qh6 27. Rf8 Be8
28. Rxg8+ Kxg8 29. Nd1 Qg7 30. Qh4 h5 31. Qd8 Qd7 32. Qa8 Kh7 33. Ne3 Qe7 34.
Qb8 Bg3 35. Rf3 h4 36. Ng4 Kg7 37. Qb3 Bg6 38. Qe3 1-0